000 00492nam a2200181Ia 4500
008 100917s9999 xx 000 0 und d
082 _b43591
100 _aलोंढे लक्ष्मण
245 _aशिदोरी
260 _bनुतन प्रकाशन
_c1980
300 _a132
365 _b12.5
520 _aबालविभाग
630 _aशिदोरी
650 _aबालविभाग
730 _aशिदोरी
942 _cBOOK
999 _c648985
_d648982